Statistics for Municipalities of Yamaguchi Prefecture

Click here to take the quiz!

General Stats

  • This quiz has been taken 38 times
  • The average score is 15 of 19

Answers on the Map

Answers color-coded by a green-red scale on the quiz's map according to % correct below.
 

Answer Stats

Answer% Correct
Hagi 萩
100%
Hofu 防府
100%
Iwakuni 岩国
100%
Shimonoseki 下関
100%
Shunan 周南
100%
Yamaguchi 山口
100%
Hikari 光
94%
Ube 宇部
94%
Nagato 長門
88%
San'yo-Onoda 山陽小野田
81%
Kudamatsu 下松
75%
Yanai 柳井
75%
Mine 美祢
69%
Waki 和木
69%
Abu 阿武
63%
Kaminoseki 上関
63%
Suo-Oshima 周防大島
63%
Tabuse 田布施
50%
Hirao 平生
44%

Score Distribution

Percentile by Number Answered

Percent of People with Each Score

Your Score History

You have not taken this quiz